000 00522nam a2200181 4500
001 143657
003 ES-MaACL
005 20231003130145.0
007 t|
008 070214s1970 sp r ||||1| cat d
100 1 _aSero Serra, Casimiro.
_9105592
245 1 0 _aHistoria de Bell-Hoch /
_cCasimiro Sero Serra.
260 _aLérida :
_b[s.n.],
_c1970 (
_fAut. Artis)
300 _a228 p., 4 lám. ;
_c22 cm.
852 _aES-MaACL
_jC-46237
_bR.75058
_9148845
_cDEPO2
942 _2udc
999 _c143657
_d143657